00851nas a2200229Ia 4500001001300000003001000013008004100023040002500064041001300089100002100102210003100123222003100154245010000185250001100285260001600296501012300312300001300435362001600448500012500464650002100589700001100610dp4/9-44368 IT-MiCISF161014c99999999xx |||||||||||| ||und|| aIT-MiCISFcIT-MiCISF aITALIANO aAnfossi Giuseppe aAosta-Bollettino diocesano aAosta-Bollettino diocesano 0aCamminava con loro... (LC 24, 15)bLettera del Vescovo all'inizio dell'Anno pastorale 2007-2008 a1a ed. aAostac2007 bCISF - Centro Internazionale Studi Famiglia - Via Giotto, 36 20145 MILANO (non commercial uses only)cCopyright 2016 app. 3-21 an. 3 [2007] aTema: pastorale-giovanile, educazione-religiosa, vocazione, educazione-familiare - Diocesi di Aosta-Bollettino diocesano apastoralevvario aAA.VV.